Normal view
MARC view
Entry Topical Term
001 - CONTROL NUMBER
- control field: 11168
003 - CONTROL NUMBER IDENTIFIER
- control field: BD-RjUL
005 - DATE AND TIME OF LATEST TRANSACTION
- control field: 20240128101103.0
008 - FIXED-LENGTH DATA ELEMENTS
- fixed length control field: 240128|| aca||aabn | a|a d
040 ## - CATALOGING SOURCE
- Original cataloging agency: BD-RjUL
- Transcribing agency: BD-RjUL
150 ## - HEADING--TOPICAL TERM
- Topical term or geographic name entry element: Ghazals, Urdu
670 ## - SOURCE DATA FOUND
- Source citation: Work cat.: (BD-RjUL)82806: Ghalib, Mirza Asadullah Khan,غالب٫ مرزا اسداللہ خان 1797-1869 11167, Dīvān-i G̲h̲ālib /دیوان غالب /